LEADER 01237nam a2200265 i 4500 001 000000035683 003 CaOOAMICUS 005 20120413000000.0 008 120413s1985 xx u000 u spa u 013 $a4181 020 $a84-7009-231-6 040 $aSeMil$bita 100 1 $aEsquerda Bifet, Juan,$c.$0(OLS)http://semarc/name/16704 245 10$aHistoria de la espiritualidad sacerdotal :$bdinamismo espiritual y misionero de la vida sacerdotal en el Presbiterio /$cpor Juan Esquerda Bifet. 260 $aBurgos :$bAldecoa,$c1985. 300 $a263 p. ;$c22 cm. 490 0 $aTeología del sacerdocio ;$v19 650 4$aSacerdozio - Spiritualità - Storia.$0(OLS)http://semarc/subject/6590 830 0$aTeología del sacerdocio ;$v19.$0(OLS)http://semarc/title/166 850 $aSeMil 852 $aSeMil$W1$xVenegono$y1$m2D I 123$j1838$B1838$CSeMilBibl$Z2$F1838 $81 961 $aAcquisto: Donazione 996 $6020$a84-7009-231-6$9(OLS)http://semarc/number/3997 996 $6245$aHistoria de la espiritualidad sacerdotal :$bdinamismo espiritual y misionero de la vida sacerdotal en el Presbiterio$9(OLS)http://semarc/title/49018 996 $6260$aBurgos :$bAldecoa$9(OLS)http://semarc/publisher/29672 LEADER 00688nam a2200181 i 4500 001 000000182222 003 CaOOAMICUS 005 20091015000000.0 008 091015s1962 it u000 u ita u 013 $a160160 040 $aSeMil$bita 245 10$aDomeniche 5.-11. dopo Pentecoste /$cedizione italiana a cura di Licinio Galati ssp. 300 $a1332 p. 700 1 $aGalati, Licinio .$0(OLS)http://semarc/name/640 773 0 $tParola di Cristo.$dAlba : Edizioni Paoline, 1962-1966.$g6$w()22161 850 $aSeMil 852 $aSeMil$W1$xVenegono$y1$m3D IV 146$j132926$B132926$CSeMilBibl$Z2$F144721 $81 996 $6245$aDomeniche 5.-11. dopo Pentecoste$9(OLS)http://semarc/title/261505